Statistics for The Big Fat Harry Potter Quiz

Click here to take the quiz!

General Stats

  • This quiz has been taken 115 times
    (98 since last reset)
  • The average score is 21 of 50

Answer Stats

Answer% Correct
In what year was Harry Potter born?1980
95%
Sirius gave Harry what present for his 1st birthday?Toy Broomstick
69%
Nearly Headless Nick is celebrating his 500th what, on Halloween 1992?Deathday
66%
What kind of snake did Harry release from the zoo?Boa Constrictor
65%
Who set the sixth challenge to retrieve The Philosopher's Stone?Professor Snape
64%
Where did Harry first meet Draco Malfoy?Madam Malkin's Robes for All Occasions
61%
Who was the Secret Keeper for the whereabouts of the Potters?Peter Pettigrew
61%
What make of car had Mr Weasley enchanted?Ford Anglia
57%
Which member of the Order makes Harry godfather to their child?Remus Lupin
57%
Who tells Harry about Gillyweed?Dobby
55%
Who accompanies Harry to the Ravenclaw common room?Luna Lovegood
54%
Who replaces Trelawney as Divination teacher?Firenze
53%
Who does Harry give his TriWizard winnings to?Fred and George Weasley
53%
Who does Harry date in his sixth year?Ginny Weasley
51%
Which former teacher do they meet in St Mungo's Hospital?Gilderoy Lockhart
50%
What is the name of Aunt Marge's dog?Ripper
50%
How many years in the future it the Epliogue?19
49%
What grade does Harry recieve in his Defence Against the Dark Arts OWL?O
49%
What was Buckbeak's new name on his return to Hogwarts?Witherwings
49%
What is the name of the potion Snape makes for Lupin?Wolfsbane Potion
49%
What is Gilderoy Lockhart's favourite colour?Lilac
46%
What is the name of Bill and Fleur's home?Shell Cottage
46%
Who tells Umbridge about Dumbledore's Army?Marietta Edgecombe
45%
Who did Harry say he was when travelling on the Night Bus?Neville Longbottom
43%
What creatures are guarding the horcrux within the cave?Inferi
42%
How does Harry leave 4 Privet Drive for the World Cup?Floo Powder
41%
What animals did Tom Riddle persuade Ginny to kill?Roosters
41%
Who escorts Harry from Privet Drive before his sixth year?Albus Dumbledore
39%
What is the final sentence?All was well
39%
"Have a _______, Potter" - Professor McgonagallBiscuit
39%
The deluminator was referred to as what, in the first novel?Put-Outer
39%
What has become a taboo?Speaking the name "Voldemort"
39%
What creature sets Harry a riddle in the third task?Sphinx
39%
What does Harry fix before destroying the Elder wand?His wand
36%
In her SPEW attempts, what does Hermione try to give the house elves?Knitted hats
36%
What dragon does Cedric face in the first challenge?Swedish Short-Snout
36%
Who is named captain of the Gryffindor Quidditch team in 1995?Angelina Johnson
35%
What christmas present did Harry recieve from the Dursleys?50p
32%
What magic do sixth years get to learn over a 12 week course?Apparation
32%
What set of devices do they destroy in the Department of Mysteries?Time-Turners
31%
Where is Harry first taken to after the Battle of the Seven Potters?Tonks' Parents House
31%
What does Harry steal from Umbridge's office?Mad-Eye's eye
26%
Who gave Dumbledore their memory of visiting Marvolo Gaunt?Bob Ogden
24%
What spell did Ron use to pass his driving test?Confundus Charm
23%
What award is Snape set to receive for capturing Sirius?Order of Merlin
22%
What phone number is dialled to access the Ministry of Magic?62442
19%
"I'll be in my room, making no noise and pretending...I'm not there
19%
What does Krum say Xenophilius Lovegood has round his neck?Grinelwald's Sign
16%
Who is Harry disguised as at Bill and Fleur's wedding?Barry Weasley
7%
What country is Durmstrang from?Unknown
5%

Score Distribution

Percentile by Number Answered

Percent of People with Each Score

Your Score History

You have not taken this quiz since the last reset